Guess The Eminem Lyrics Pt. 2 - Statistics

General Stats
  • This quiz has been taken 135 times
  • The average score is 7 of 16
Answer Stats
Difficulty Lyrics Answer % Correct
Easy And Dr. Dre said...Nothing, you idiots, Dr. Dre's dead, he's locked in my basement The Real Slim Shady
92%
Easy Dear Slim, I wrote you, but you still ain't callin'I left my cell, my pager and my home phone at the bottom I sent two letters back in autumn, you must not've got 'em There probably was a problem at the post office or somethin' Stan
90%
Easy We'll walk this road together, through the stormWhatever weather, cold or warm Just lettin' you know that you're not alone Holla if you feel like you've been down the same road Not Afraid
71%
Medium I got a list, here's the order of my list that it's inIt goes: Reggie, Jay-Z, 2Pac and Biggie André from OutKast, Jada, Kurupt, Nas, and then me Till' I Collapse
63%
Medium Wait, you just dissed me? I'm perplexedInsult me in a line, compliment me on the next Killshot
60%
Easy You don't want that, neither do II don't wanna flip when I see you with guys Too much pride, between you and I Not a jealous man, but females lie Superman
50%
Hard I'm crazy, oh, so crazyWhy am I here? Am I just wastin' my time? But then I see my baby Suddenly I'm not crazy It all makes sense when I look into her eyes Hailie's Song
38%
Easy I wanted the fame but not the cover of NewsweekOh well, guess beggars can't be choosey Wanted to receive attention for my music Wanted to be left alone in public, excuse me The Monster
37%
Medium Go in, gaffle the money and run to one of your Aunt's cribsAnd borrow a damn dress and one of her blond wigs Tell her you need a place to stay, you'll be safe for days If you shave your legs with Renee's razor blades Guilty Conscience
34%
Medium Dr. Dre said, "Hell yeah!"And I got his stamp like a postcard, word to Mel-Man Venom
34%
Hard Alright, listen, I need you to focusI need you to go dig deep in your mind, this is important We are going to perform an experiment of the sorts I'm going to have to ask you to bear with me for a moment Big Weenie
33%
Hard At first I'm like, "Aight, you wanna throw me out? That's fine!"But not for him to take my place, are you out your mind?! Kim
31%
Medium Gotta concentrate, against the clock I raceGot no time to waste, I'm already late, I got a marathoner's pace Fall
24%
Hard I don't do Black music, I don't do white musicI make fight music for high school kids Who Knew?
18%
Hard Willin' to stick out my neck for respectIf it meant life or death, never live to regret what I said When you're me, people just wanna see if it's true If it's you—what you say in your raps, what you do Soldier
15%
Impossible I'm lifted up in the air and suspended in animation like someone's holding me thereI'm feeling somebody's cold hands wrapping around my neck Ghost Stories
1%
No matching quizzes found
Score Distribution
Percent of People with Each Score
Percentile by Number Answered
Your Score History
You have not taken this quiz